Catálogo

LA HECHURA DE LAS POLITICAS (Registro nro. 60019)

Detalles MARC
000 -LEADER
fixed length control field 00560nam a2200193 a 4500
001 - CONTROL NUMBER
control field 60019
005 - DATE AND TIME OF LATEST TRANSACTION
control field 20180714061135.0
008 - FIXED-LENGTH DATA ELEMENTS--GENERAL INFORMATION
fixed length control field 140415s2007 mx 000 0 spa d
020 ## - INTERNATIONAL STANDARD BOOK NUMBER
International Standard Book Number 9688429902
041 ## - LANGUAGE CODE
Language code of text/sound track or separate title spa
082 ## - DEWEY DECIMAL CLASSIFICATION NUMBER
Classification number 351.1
Item number AGU
100 1# - MAIN ENTRY--PERSONAL NAME
Personal name AGUILAR VILLANUEVA, LUIS F.
245 13 - TITLE STATEMENT
Title LA HECHURA DE LAS POLITICAS
250 ## - EDITION STATEMENT
Edition statement 3a ed.
260 ## - PUBLICATION, DISTRIBUTION, ETC.
Place of publication, distribution, etc. MEXICO :
Name of publisher, distributor, etc. PORRUA,
Date of publication, distribution, etc. 2007, 1992
300 ## - PHYSICAL DESCRIPTION
Extent XIX 309
650 14 - SUBJECT ADDED ENTRY--TOPICAL TERM
Topical term or geographic name entry element ESTRATEGIA POLITICA
General subdivision
--
-- TOMA DE DESICIONES
--
--
-- CONCERTACION POLITICA
700 1# - ADDED ENTRY--PERSONAL NAME
Personal name LOWI, THEODORE J.
Relator term coaut.
Existencias
Withdrawn status Lost status Source of classification or shelving scheme Damaged status Not for loan Collection code Home library Current library Shelving location Date acquired Source of acquisition Inventory number Total Checkouts Full call number Barcode Date last seen Date last checked out Price effective from Koha item type
    Dewey Decimal Classification     General Biblioteca Karol Wojtyla Biblioteca Karol Wojtyla Sala general 03/12/2013 Compra 151000000000000000048663 2 351.1 AGU 2007 90491 05/01/2026 05/11/2024 13/08/2014 Libro